00487nam a2200157Ia 4500008004100000020001500041082001500056100002300071245007000094250000800164260003900172300002800211500001900239600002100258650005000279240925s9999 xx 000 0 und d a8177589938 a004.22 STA aStallings, William 0aComputer Organization and Architecture: designing for performance a7th aIndia:bDorling Kindersleyc,2006. axiv,778p.bNAfOriginal aIncludes Index aComputer Science aComputer science, information & general works